| 000 | 00779nam a2200289Ia 4500 | ||
|---|---|---|---|
| 005 | 20260324112530.0 | ||
| 008 | 008 260324s9999 xx 000 0 eng d | ||
| 020 | _a9781003088226 | ||
| 037 | _aEBOOK | ||
| 040 | _aCRL | ||
| 040 | _beng | ||
| 040 | _cCRL | ||
| 041 | _2eng | ||
| 041 | _aeng | ||
| 084 | _qCRL | ||
| 100 |
_aVikas Anand Saharan; Hitesh Kulhari; Hemant R Jadhav _91143086 |
||
| 245 | 0 | _aPrinciples of Research Methodology and Ethics in Pharmaceutical Sciences | |
| 245 | 3 | _bAn Application Guide for Students and Researchers | |
| 260 | _bTaylor and Francis | ||
| 260 | _c2024 | ||
| 365 | _a | ||
| 365 | _b400 | ||
| 856 | _uhttp://www.taylorfrancis.com/books/9781003088226 | ||
| 942 | _cEBOOK | ||
| 999 |
_c1732328 _d1732328 |
||